| 000 | 00818nam a2200229Ia 4500 | ||
|---|---|---|---|
| 003 | OSt | ||
| 005 | 20220923220853.0 | ||
| 006 | a|||||r|||| 00| 0 | ||
| 007 | ta | ||
| 008 | 220922b |||||||| |||| 00| 0 hin d | ||
| 024 | _a191,725 | ||
| 037 | _cTextual | ||
| 040 |
_aARTS _cARTS _bhin |
||
| 041 |
_2hin _ahin |
||
| 082 | _aV2.C, L3 | ||
| 100 | _aमिश्र, द्वारकाप्रसाद | ||
| 245 | 0 | _aभारतीय आद्य इतिहास का अध्ययन | |
| 246 | _aBhāratīya ādya itihās kā adhyayana | ||
| 260 |
_aभोपाल _b मध्यप्रदेश हिन्दी ग्रंथ अकादमी _c1973 |
||
| 942 |
_hV2.C, L3 _cTEXL _2CC |
||
| 999 |
_c344381 _d344381 |
||